00496nam a22001337a 4500003000400000008004100004082001700045100001800062245019500080260004600275300000900321502001500330650001700345OSt260420b |||||||| |||| 00| 0 eng d a634.43bR14V aKumar, Rajesh aVegetative and Pomological studies of Few types of sapota (Achras Sapota L.) Barhal (Artocarpus Lakoocha ROXB) Jamun Skeels) and water chestnut (Trpa bispinosa ROXB) Growing around Bhagalpur aBAU, Sabour, BhagalpurbRAU, Sabourc1984 a83P. bMsc.d1984 aHorticulture